| 000 | 01125nam a22003255a 4500 | ||
|---|---|---|---|
| 005 | 20150819142848.0 | ||
| 008 | 090106r20061991nyuab||frb||| 001 0 eng d | ||
| 010 | _a 2004057945 | ||
| 020 | _a0071115994 | ||
| 020 | _a9780071117890 | ||
| 020 | _a007111789X | ||
| 040 |
_aEG-ScBUE _beng _cEG-ScBUE |
||
| 082 | 0 | 4 |
_a658.049 _bHOD _222 |
| 100 | 1 |
_aHodgetts, Richard M. _912152 |
|
| 245 | 1 | 0 |
_aInternational management : _bculture, strategy, and behavior / _cRichard M. Hodgetts, Fred Luthans, Jonathan P. Doh. |
| 250 | _a6th ed. | ||
| 260 |
_aNew York : _bMcGraw-Hill/Irwin, _c2006. |
||
| 300 |
_axxviii, 609 p. : _bill. ; _c29 cm. |
||
| 500 | _aInclude indexes. | ||
| 500 | _aGlossary : p. 582-587. | ||
| 504 | _aBibliography : p. 557-581. | ||
| 590 | _aMenna Elemam | ||
| 650 | 0 |
_aInternational business enterprises-- _xManagement. _912153 _2BUEsh |
|
| 650 | 0 |
_aInternational business enterprises-- _xManagement-- _vCase studies. _912154 _2BUEsh |
|
| 651 | _2BUEsh | ||
| 653 |
_bBUSADM _cAugust2015 |
||
| 700 | 1 |
_aLuthans, Fred. _912155 |
|
| 700 | 1 |
_aDoh, Jonathan P. _912156 |
|
| 942 |
_cBB _k658.049 HOD _2ddc |
||
| 999 |
_c2309 _d2309 |
||